000 00819cam a2200217 4500
001 WB3708-17
008 000000n2001 000 0 eng u
035 _a(Sirsi) u111088
245 _aExtending business rate exemptions
260 _c2001
490 _aDETR Press Release
_v(088) 19 February 2001, 6
520 _aLocal Government Minister Hilary Armstrong has published a consultation paper with proposals to make farm buildings used for certain innovative farm practices exempt from business rates. Available on DETR website; www.detr.gov.uk/ Consultation closes 16 March 2001.
590 _aWB
650 _aDETR
650 _aFARM BUILDINGS
650 _aCONSULTATION PAPER
650 _aRURAL WHITE PAPER
650 _aBUSINESS RATES EXEMPTION
690 _aRATING AND LOCAL TAXATION
942 _n0
999 _c66182
_d66182